| 000 | 01585nam a2200325 i 4500 | ||
|---|---|---|---|
| 003 | OSt | ||
| 005 | 20260507123243.0 | ||
| 008 | 260507s2025 enkao br 001 0 eng d | ||
| 020 |
_a9780241733318 _cRM 72.95 _qhardback |
||
| 040 |
_aPPAK _beng _cPPAK _erda |
||
| 082 | 0 | 4 |
_223 _a612 |
| 090 | 0 | 0 |
_a612 _bYOU _dK |
| 100 | 1 |
_aYoung, Emma, _eauthor. |
|
| 245 | 1 | 0 |
_aWhat if... YOU DIDN'T make SNOT? / _cWritten by EMMA YOUNG ; Iillustrated by SUPER FREAK |
| 246 | 3 | 0 | _aWhat if... you did not make snot? |
| 246 | 3 | 4 |
_aWhat if... you didn't make snot? : _band other amazing human body questions |
| 264 | 1 |
_aLondon : _bDorling Kindersley Limited, _c2025 |
|
| 300 |
_a69 pages : _bcolour illustrations, colour photographs ; _c28 cm |
||
| 336 |
_atext _2rdacontent |
||
| 337 |
_aunmediated _2rdamedia |
||
| 338 |
_avolume _2rdacarrier |
||
| 500 | _aIncludes index. | ||
| 520 | _aAnswers to 33 crazy and laugh-out-loud questions about the human body from science author Emma Young What would happen if you never slept? Or if your blood turned blue? Or your bones turned to jelly? Find out the answers to these questions and many more with science author Emma Young! Prepare to learn all about the human body from blood vessels to the brain and nerves to nutrients | ||
| 650 | 1 | 0 |
_aHuman body _vMiscellanea _vJuvenile literature. |
| 650 | 2 | 0 |
_aHuman anatomy _vMiscellanea _vJuvenile literature |
| 650 | 2 | 0 |
_aHuman physiology _vMiscellanea _vJuvenile literature. |
| 655 | 7 | _aIllustrated works. | |
| 700 | 1 |
_aFreak, Super, _eillustrator. |
|
| 942 |
_2ddc _cB |
||
| 999 |
_c204126 _d204126 |
||